Descubrimientos y exploraciones en las costas de California / (Record no. 121748)

MARC details
000 -LEADER
campo de control de longitud fija 00727nam a2200193 4500
001 - NÚMERO DE CONTROL
campo de control 121748
003 - IDENTIFICADOR DE NÚMERO DE CONTROL
campo de control ES-MaACL
005 - FECHA Y HORA DE LA ÚLTIMA TRANSACCIÓN
campo de control 20230906191820.0
007 - CAMPO FIJO DE DESCRIPCIÓN FÍSICA--INFORMACIÓN GENERAL
campo de control de longitud fija t|
008 - DATOS DE LONGITUD FIJA--INFORMACIÓN GENERAL
campo de control de longitud fija 070214s1999 sp r ||||1| spa d
100 1# - ENTRADA PRINCIPAL--NOMBRE DE PERSONA
Nombre de persona Portillo, Alvaro del.
9 (RLIN) 93249
245 10 - MENCIÓN DEL TÍTULO
Título Descubrimientos y exploraciones en las costas de California /
Mención de responsabilidad, etc. Alvaro del Portillo.
250 ## - MENCION DE EDICION
Mención de edición 1ª. ed.
260 ## - PUBLICACIÓN, DISTRIBUCIÓN, ETC.
Lugar de publicación, distribución, etc. Madrid :
Nombre del editor, distribuidor, etc. Blass,
Fecha de publicación, distribución, etc. 1947.
300 ## - DESCRIPCIÓN FÍSICA
Extensión 540 p., 37 lám. :
Otras características físicas il. ;
Dimensiones 22 cm +
Material acompañante/anejo 12 maps.
500 ## - NOTA GENERAL
Nota general Es una publicación de la Escuela de Estudios Hispano-Americanos de Sevilla, nº XX de la serie 2ª de monografías, nº 7.
710 2# - ENTRADA AGREGADA--NOMBRE DE ENTIDAD CORPORATIVA
Nombre de entidad corporativa o nombre de jurisdicción como elemento de entrada Escuela de Estudios Hispano-Americanos (Sevilla)
9 (RLIN) 134366
852 ## - LOCALIZACIÓN
Ubicación ES-MaACL
Número de control de estantería C-5502
Sublocalización o colección R.25902
Holdings
Estatus retirado Estado de pérdida Estado de daño No para préstamo Biblioteca de origen Biblioteca actual Ubicación en estantería Fecha de adquisición Fuente de adquisición Total de préstamos Signatura topográfica completa Código de barras Visto por última vez Precio de reemplazo Tipo de ítem Koha
        Biblioteca del Ateneo de Madrid Biblioteca del Ateneo de Madrid Sala Palomar 17/01/2008     C-5502 1126874 23/02/2023 23/02/2023 Libro impreso